<?xml version="1.0" encoding="UTF-8"?>
<collection xmlns="http://www.loc.gov/MARC21/slim">
  <record>
    <leader>00000nam  2200000   4500</leader>
    <controlfield tag="001">INLIS000000000000845</controlfield>
    <controlfield tag="005">20180724140408</controlfield>
    <controlfield tag="008">180724|||||||||   |   |||   |||| ||   | </controlfield>
    <datafield tag="035" ind1=" " ind2=" ">
      <subfield code="0">010-0718000845</subfield>
    </datafield>
    <datafield tag="041" ind1=" " ind2=" ">
      <subfield code="a">id</subfield>
    </datafield>
    <datafield tag="082" ind1=" " ind2=" ">
      <subfield code="a">059</subfield>
    </datafield>
    <datafield tag="090" ind1=" " ind2=" ">
      <subfield code="a">R 059 PIM I 2015</subfield>
    </datafield>
    <datafield tag="100" ind1=" " ind2=" ">
      <subfield code="a">Edi, Sutriono</subfield>
    </datafield>
    <datafield tag="245" ind1=" " ind2=" ">
      <subfield code="a">Pemberdayaan Petani dan UKM Melalui Integrasi Sistem Pemasaran dan Pembiayaan</subfield>
    </datafield>
    <datafield tag="260" ind1=" " ind2=" ">
      <subfield code="a">Jakarta</subfield>
      <subfield code="b">LAN Jakarta</subfield>
      <subfield code="c">2015</subfield>
    </datafield>
    <datafield tag="300" ind1=" " ind2=" ">
      <subfield code="a">44 hlm, lamp.</subfield>
    </datafield>
    <datafield tag="500" ind1=" " ind2=" ">
      <subfield code="a">Gagasan awal dari proyek ini adalah menciptakan suatu inovasi dalam mata rantai pemasaran komoditas terintegrasi dengan pembiayaan yang dapat mendukung pemberdayaan petani dan UKM melalui keterbukaan akses pembiayaan oleh Lembaga keuangan, mendorong terwujudnya efisiensi perdagangan, meningkatkan akses pasar bagi petani dan UKM, menciptakan Referensi Harga Komoditas yang transparan dan dapat dipercaya, serta meningkatkan perekonomian rakyat sebagai fundamen perekonomian nasional.  Inovasi yang ingin dicapai dalam proyek perubahan ini adalah menciptakan integrasi antara Sistem Resi Gudang (pembiayaan) dan Pasar Lelang Komoditas (pemasaran) secara komprehensif dari hulu sampai dengan hilir dimana hal ini akan mendekatkan pelaku usaha, khususnya petani dan UKM, kepada pasar.</subfield>
    </datafield>
    <datafield tag="650" ind1=" " ind2=" ">
      <subfield code="a">Pemberdayaan</subfield>
    </datafield>
  </record>
</collection>
